Plats avec du Basilic - Mort Subite - Statistiques

Statistiques générales
  • Ce quiz a été pris 93 fois
  • Le résultat moyen est 4 sur 16
Answers on the Grid
Answers color-coded by a green-red scale on the quiz's grid according to % correct below.
Rigatoni au pesto
Moules à la provençale
Morue salée à la napolitaine
Soupe au pistou
Salade niçoise
Pan bagnat
Pizza Margherita
Salade caprese
Ravioli di ricotta alla marinara
Gnocchi alla Sorrentina
Pepper soup du Nigeria
Soupe tonkinoise / Phở
Khanom chin nam ya
Pad kaprao / Pad kaprow
Panzanella
Spaghetti alla Nerano
Risotto à la milanaise
Moules marinières
Hachis parmentier
Salade shirazi
Cacio e pepe
Salade César
Spaghetti alle vongole
Fårikål
Salade alsacienne
Escalope à la viennoise
Poulet moambe
Tokneneng / Kwek kwek
 
Statistiques - réponses
Réponse % Correct
Rigatoni au pesto
67%
Pizza Margherita
58%
Soupe au pistou
50%
Gnocchi alla Sorrentina
30%
Salade caprese
27%
Spaghetti alla Nerano
24%
Ravioli di ricotta alla marinara
20%
Morue salée à la napolitaine
18%
Panzanella
15%
Moules à la provençale
14%
Salade niçoise
14%
Khanom chin nam ya
9%
Pan bagnat
9%
Pad kaprao / Pad kaprow
8%
Soupe tonkinoise / Phở
8%
Pepper soup du Nigeria
3%
Aucun quiz correspondant
Distribution des résultats
% des personnes avec chaque résultat
Percentile par nombre de réponses
Votre historique - résultats
Vous n’avez pas pris ce quiz